000 00377nam a2200145Ia 4500
008 230917s9999||||xx |||||||||||||| ||und||
040 _e103469
_aMAIN
041 _aEnglish
082 _a891.2109 R137V
100 _aRajendran, C
245 0 _aVyaktiviveka: a critical study
260 _aDelhi
_bNew Bharatiya Book Corporation
_c2003
300 _axii,290p p.
942 _cBK
999 _c116842
_d116842